000 00597nam a22001937a 4500
999 _c197313
_d197313
005 20230821155101.0
010 _aUR-12143
020 _a9789394616431
_c500.00
035 _aU-10698
037 _bDBAD/PUB
082 _a841
100 _aگوہر ، اسود
245 _aعملی تنقید /
_cاسود گوہر
246 _aAmli Tanqeed /
_bby Aswad Gowher
260 _aNew Delhi
_bEducational Publishing House
_c2022 ء
270 _aH.O. D1/16, Ansari Road, Darya Ganj
_bNew Delhi
_e110002
300 _a379 ص
_c23cm(Hb)
942 _2ddc
_cUR
_mگ و ہ
_e
_h841